Dos concepciones de la equidad

Saved in:
Bibliografiske detaljer
Main Authors: Squella Narducci, Agustín (Author), González Rojas, Abel (Author)
Format: Bog
Sprog:spansk
Udgivet: Valparaíso EDEVAL 1981
Serier:Temas, 6
Fag:
Tags: Tilføj Tag
Ingen Tags, Vær først til at tagge denne postø!

MARC

LEADER 00000nam a2200000 a 4500
001 UCT8775
003 CL-VaPUC
008 970326e19810000CL |||||||||||||||||spa|d
082 0 4 |a 346.004  |b SQU  |2 21 
100 0 |a Squella Narducci, Agustín  |e author  |9 380806 
700 |a González Rojas, Abel  |e author  |9 380807 
245 1 0 |a Dos concepciones de la equidad 
300 |a 71 p 
942 |c BK 
945 |d 19970326 00:00:00  |a paguirre 
260 |a Valparaíso  |b EDEVAL  |c 1981 
600 0 |a Aristóteles,  |d 384 a.C.- 322 a.C.  |9 194 
600 0 |a Kant, Immanuel,  |d 1724-1804  |9 858687 
650 0 |a Justicia   |9 255408 
650 0 |a Filosofía del derecho   |9 255050 
650 7 |a EQUIDAD  |2 CL-VaPUC  |9 256656 
650 0 |a Valores jurídicos   |9 366182 
583 |a last modification  |c 19970326 00:00:00  |k Rodrigo Vera 
490 0 |a Temas, 6 
999 |c 257258  |d 257256 
952 |0 0  |1 0  |2 ddc  |4 0  |6 346_004000000000000_SQU_1981  |7 0  |8 A  |9 280581  |a BIBDER  |b BIBDER  |d 2019-11-19  |i 1817442  |o 346.004 SQU 1981  |p 1817442  |r 2023-01-25  |w 2019-11-19  |y MX  |k DER 
952 |0 0  |1 0  |2 ddc  |4 0  |6 346_004000000000000_SQU_1981  |7 0  |8 A  |9 280582  |a BIBDER  |b BIBDER  |d 2019-11-19  |i 1817450  |o 346.004 SQU 1981  |p 1817450  |r 2023-01-25  |w 2019-11-19  |y MX  |k DER 
952 |0 0  |1 0  |4 0  |6 346_004000000000000_SQU_1981  |7 0  |8 DER_TF  |9 280583  |a BIBDER  |b BIBDER  |d 2019-11-19  |i 1884506  |o 346.004 SQU 1981  |p 1884506  |r 2023-01-25  |w 2019-11-19  |x Ubicación 4to Piso  |y BK  |z Estos recursos deben solicitarse con anticipación  |k DER